[Event "11. Europa ch 2010 Femenino"]
[Site "Rijeka CRO"]
[Date "2010.03.08"]
[Round "3.74"]
[White "Samanic, Verena"]
[Black "Kopinits, Anna Christina"]
[Result "0-1"]
[WhiteElo "1607"]
[BlackElo "2183"]
[PlyCount "154"]
[EventDate "2010.03.06"]
[EventType "swiss"]
[EventRounds "11"]
[EventCountry "CRO"]
[Source "lmi"]
[SourceDate "2010.03.06"]

1. e4 c6 2. d4 d5 3. exd5 cxd5 4. g3 Nf6 5. Bg2 Nc6 6. Nf3 Bg4 7. c3 e6 8. Qb3
Bxf3 9. Bxf3 Qd7 10. Bf4 Be7 11. Nd2 Rc8 12. O-O O-O 13. Bg2 Na5 14. Qc2 b5 15.
Qd3 Nc4 16. Rab1 Bd6 17. Bg5 Nxd2 18. Bxd2 Ne8 19. Rfe1 Nc7 20. Bf1 Rb8 21. a3
a6 22. Qf3 Na8 23. Bd3 Nb6 24. Qh5 f5 25. Kh1 Qf7 26. Qxf7+ Kxf7 27. Rbd1 Rfc8
28. Re2 Rc6 29. Rde1 Bf8 30. Bf4 Rbc8 31. Kg2 g6 32. h3 Re8 33. Kh2 Nc4 34. Bc1
Nd6 35. Bf4 Nc4 36. Bc1 Rec8 37. Bxc4 bxc4 38. Kg2 Be7 39. f3 Bf6 40. g4 g5 41.
Kg3 h5 42. Rg2 f4+ 43. Kh2 hxg4 44. hxg4 Rh8+ 45. Kg1 Rh3 46. Kf2 Rc8 47. Ke2
Rch8 48. Rf1 Be7 49. Bd2 Rb8 50. Bc1 Kf6 51. Rff2 Rbh8 52. Kd2 Bd6 53. Kc2 Rh1
54. Bd2 a5 55. Bc1 a4 56. Bd2 R8h3 57. Bc1 Bc7 58. Kd2 Bb6 59. Kc2 Kf7 60. Bd2
Ke7 61. Re2 Rxf3 62. Rh2 Rh3 63. Rxh1 Rxh1 64. Rf2 e5 65. Re2 e4 66. Bc1 Kf6
67. Rf2 Bc7 68. Bd2 Kg6 69. Bc1 Bd6 70. Re2 f3 71. Rf2 Bg3 72. Rd2 e3 73. Rd3
cxd3+ 74. Kxd3 Rxc1 75. Kxe3 f2 76. Ke2 f1=Q+ 77. Ke3 Bf4# 0-1

[Event "11. Europa ch 2010 Femenino"]
[Site "Rijeka CRO"]
[Date "2010.03.08"]
[Round "3.75"]
[White "Batory, Lucija"]
[Black "Makka, Ioulia"]
[Result "0-1"]
[WhiteElo "1575"]
[BlackElo "2180"]
[PlyCount "98"]
[EventDate "2010.03.06"]
[EventType "swiss"]
[EventRounds "11"]
[EventCountry "CRO"]
[Source "lmi"]
[SourceDate "2010.03.06"]

1. e4 e6 2. d4 d5 3. exd5 exd5 4. Nc3 c6 5. Nf3 Bg4 6. h3 Bh5 7. Bf4 Bd6 8.
Bxd6 Qxd6 9. Qe2+ Ne7 10. O-O-O Qf4+ 11. Kb1 Bxf3 12. Qxf3 Qxf3 13. gxf3 Nf5
14. Re1+ Kf8 15. Bd3 Nxd4 16. Re3 Ne6 17. Rhe1 d4 18. Re5 dxc3 19. Bc4 Nd7 20.
Rf5 Nf6 21. Bxe6 fxe6 22. Rxe6 Re8 23. Rxe8+ Kxe8 24. Re5+ Kf7 25. bxc3 Re8 26.
Ra5 a6 27. Rg5 Re1+ 28. Kb2 Rh1 29. Rg3 Rh2 30. Rg5 Rxh3 31. Rf5 Rh2 32. Rf4
Rxf2 33. Rb4 b5 34. c4 Rxf3 35. cxb5 axb5 36. Rd4 Nd5 37. a4 bxa4 38. Rxa4 g5
39. Ra7+ Ne7 40. Ra5 Rf5 41. Ra3 h5 42. Kc1 g4 43. Kd1 Kf6 44. Ke1 h4 45. c4 g3
46. Ra2 h3 47. Rd2 h2 48. Rd6+ Kg5 49. Rd3 h1=Q+ 0-1

[Event "11. Europa ch 2010 Femenino"]
[Site "Rijeka CRO"]
[Date "2010.03.08"]
[Round "3.76"]
[White "Partac, Elena"]
[Black "Starcevic, Andrea"]
[Result "1-0"]
[WhiteElo "2172"]
[BlackElo "1712"]
[PlyCount "61"]
[EventDate "2010.03.06"]
[EventType "swiss"]
[EventRounds "11"]
[EventCountry "CRO"]
[Source "lmi"]
[SourceDate "2010.03.06"]

1. e4 c5 2. Nc3 d6 3. g3 Nf6 4. Bg2 Nc6 5. Nge2 g6 6. d3 Bg7 7. O-O O-O 8. h3
Rb8 9. f4 e6 10. g4 a6 11. Ng3 Nd4 12. Nce2 Nxe2+ 13. Qxe2 b5 14. f5 exf5 15.
gxf5 Bb7 16. Bf4 Qd7 17. Qd2 Rfe8 18. Bg5 Qe7 19. Qf4 Rf8 20. Qh4 Qe5 21. c3
Rbe8 22. Rf3 d5 23. Bf4 Qe7 24. e5 d4 25. Rf2 Bxg2 26. Rxg2 dxc3 27. bxc3 Rd8
28. Ne4 Nd5 29. f6 Bxf6 30. exf6 Qe6 31. Ng5 1-0

[Event "11. Europa ch 2010 Femenino"]
[Site "Rijeka CRO"]
[Date "2010.03.08"]
[Round "3.78"]
[White "Kharatyan, Anahit"]
[Black "Goslawska, Cecylia"]
[Result "1-0"]
[WhiteElo "2117"]
[BlackElo "1683"]
[PlyCount "79"]
[EventDate "2010.03.06"]
[EventType "swiss"]
[EventRounds "11"]
[EventCountry "CRO"]
[Source "lmi"]
[SourceDate "2010.03.06"]

1. e4 e5 2. Nf3 Nc6 3. Bc4 Be7 4. d4 d6 5. c3 Nf6 6. Nbd2 O-O 7. dxe5 dxe5 8.
b4 Bd6 9. Qe2 a6 10. a4 h6 11. Nf1 Ne7 12. Nh4 Nh7 13. Ng3 Kh8 14. O-O Ng6 15.
Nhf5 Nf6 16. Be3 Nf4 17. Qa2 Ne6 18. Rad1 Ng8 19. Nxd6 cxd6 20. Nf5 Qc7 21.
Nxd6 Nf6 22. a5 Ne8 23. Bb6 Qe7 24. Nf5 Qf6 25. Rd3 Nf4 26. Bd8 Qg6 27. Rg3 Qh5
28. Be7 Bxf5 29. exf5 Nf6 30. Bxf8 Rxf8 31. Qb1 Rd8 32. b5 axb5 33. Qxb5 Qxf5
34. Qxb7 Rd7 35. Qb8+ Kh7 36. a6 Ne4 37. a7 Nxg3 38. fxg3 Nh3+ 39. gxh3 Qxh3
40. a8=Q 1-0

[Event "11. Europa ch 2010 Femenino"]
[Site "Rijeka CRO"]
[Date "2010.03.09"]
[Round "4.1"]
[White "Arakhamia Grant, Ketevan"]
[Black "Kosintseva, Tatiana"]
[Result "1/2-1/2"]
[WhiteElo "2447"]
[BlackElo "2524"]
[PlyCount "57"]
[EventDate "2010.03.06"]
[EventType "swiss"]
[EventRounds "11"]
[EventCountry "CRO"]
[Source "lmi"]
[SourceDate "2010.03.06"]

1. e4 e5 2. Nf3 Nc6 3. Bb5 a6 4. Ba4 Nf6 5. O-O Be7 6. Re1 b5 7. Bb3 d6 8. c3
O-O 9. h3 Nb8 10. d4 Nbd7 11. Nbd2 Bb7 12. Bc2 Re8 13. Nf1 Bf8 14. Ng3 g6 15.
b3 Bg7 16. d5 Rc8 17. c4 c6 18. Bg5 h6 19. Be3 Nb6 20. Rb1 Qc7 21. Qd2 cxd5 22.
Bxh6 Bh8 23. exd5 bxc4 24. bxc4 Nxc4 25. Qg5 Nh7 26. Qg4 Nf6 27. Qg5 Nh7 28.
Qg4 Nf6 29. Qg5 1/2-1/2

[Event "11. Europa ch 2010 Femenino"]
[Site "Rijeka CRO"]
[Date "2010.03.09"]
[Round "4.2"]
[White "Socko, Monika"]
[Black "Chelushkina, Irina"]
[Result "1-0"]
[WhiteElo "2465"]
[BlackElo "2319"]
[PlyCount "99"]
[EventDate "2010.03.06"]
[EventType "swiss"]
[EventRounds "11"]
[EventCountry "CRO"]
[Source "lmi"]
[SourceDate "2010.03.06"]

1. d4 d6 2. Nf3 Nf6 3. c4 c6 4. Nc3 Nbd7 5. e4 e5 6. Be2 Be7 7. O-O O-O 8. Qc2
a6 9. Be3 Qe8 10. Rad1 Bd8 11. d5 cxd5 12. Nxd5 Ng4 13. b4 a5 14. a3 axb4 15.
axb4 Nxe3 16. Nxe3 Nf6 17. Rxd6 Qa4 18. Qb1 Qa2 19. Nd2 b6 20. Rd3 Be6 21. Bf3
g6 22. h3 Qa4 23. Bd1 Qa7 24. Nd5 Ne8 25. Bb3 Ng7 26. Qb2 f6 27. Nb1 Bf7 28.
Nbc3 Ne6 29. Nb5 Qb8 30. Re1 Kg7 31. Bd1 Be8 32. Ndc3 Be7 33. Bg4 Nf4 34. Rd2
h5 35. Bd7 Bf7 36. g3 Ne6 37. h4 Ra6 38. Nd5 Bd8 39. Red1 Qa8 40. Bxe6 Bxe6 41.
Ndc7 Bxc7 42. Nxc7 Qc8 43. Nxa6 Qxa6 44. c5 bxc5 45. Rd6 Qc8 46. bxc5 Bg4 47.
R1d5 Rf7 48. Rd8 Qc7 49. Kg2 f5 50. f3 1-0

[Event "11. Europa ch 2010 Femenino"]
[Site "Rijeka CRO"]
[Date "2010.03.09"]
[Round "4.4"]
[White "Khurtsidze, Nino"]
[Black "Kosintseva, Nadezhda"]
[Result "1/2-1/2"]
[WhiteElo "2434"]
[BlackElo "2554"]
[PlyCount "57"]
[EventDate "2010.03.06"]
[EventType "swiss"]
[EventRounds "11"]
[EventCountry "CRO"]
[Source "lmi"]
[SourceDate "2010.03.06"]

1. d4 Nf6 2. c4 e6 3. Nf3 d5 4. e3 Be7 5. Nbd2 O-O 6. Bd3 c5 7. dxc5 Bxc5 8. a3
b6 9. O-O Bb7 10. b4 Be7 11. Bb2 Nbd7 12. Qb1 h6 13. Rd1 Rc8 14. Qa2 Qc7 15.
Rac1 Qb8 16. Qa1 Rfd8 17. cxd5 Rxc1 18. Rxc1 Bxd5 19. Bf1 Qb7 20. Nd4 Bf8 21.
Nb5 Qb8 22. h3 Bb7 23. Nb3 a6 24. N5d4 Qa8 25. Nd2 b5 26. N2b3 Bd5 27. Na5 Rc8
28. Rxc8 Qxc8 29. Qc1 1/2-1/2

[Event "11. Europa ch 2010 Femenino"]
[Site "Rijeka CRO"]
[Date "2010.03.09"]
[Round "4.5"]
[White "Muzychuk, Anna"]
[Black "Bodnaruk, Anastasia"]
[Result "1-0"]
[WhiteElo "2533"]
[BlackElo "2384"]
[PlyCount "95"]
[EventDate "2010.03.06"]
[EventType "swiss"]
[EventRounds "11"]
[EventCountry "CRO"]
[Source "lmi"]
[SourceDate "2010.03.06"]

1. e4 c5 2. Nf3 d6 3. c3 Nf6 4. Bd3 Nc6 5. h3 g6 6. Bc2 Bg7 7. O-O O-O 8. d4
cxd4 9. cxd4 d5 10. e5 Ne8 11. Nc3 Nc7 12. Be3 Na5 13. b3 Ne6 14. Rc1 Nc6 15.
Qd2 f6 16. exf6 exf6 17. Rfe1 f5 18. Bh6 f4 19. Bxg7 Nxg7 20. a3 Bf5 21. b4
Bxc2 22. Qxc2 Rf5 23. Qa2 Kh8 24. b5 Ne7 25. Re5 Rc8 26. Rce1 Rxe5 27. Nxe5 Kg8
28. Ne2 Ne6 29. Qd2 Nf5 30. Nxf4 Qg5 31. Nexg6 Nfxd4 32. h4 Nf3+ 33. Kh1 Nxd2
34. hxg5 hxg6 35. Rxe6 d4 36. Rxg6+ Kf7 37. Rd6 Nb3 38. Rd7+ Kg8 39. g6 Nc5 40.
Rxd4 Kg7 41. Rd6 Ne4 42. Rd7+ Kf6 43. f3 Ng3+ 44. Kh2 Nf5 45. Rf7+ Kg5 46. g7
Nxg7 47. Rxg7+ Kxf4 48. Rxb7 1-0

[Event "11. Europa ch 2010 Femenino"]
[Site "Rijeka CRO"]
[Date "2010.03.09"]
[Round "4.6"]
[White "Cramling, Pia"]
[Black "Zawadzka, Jolanta"]
[Result "1-0"]
[WhiteElo "2523"]
[BlackElo "2404"]
[PlyCount "119"]
[EventDate "2010.03.06"]
[EventType "swiss"]
[EventRounds "11"]
[EventCountry "CRO"]
[Source "lmi"]
[SourceDate "2010.03.06"]

1. d4 Nf6 2. Nf3 g6 3. Nbd2 Bg7 4. e4 d6 5. Bc4 O-O 6. Qe2 Nh5 7. Nf1 e5 8.
dxe5 dxe5 9. g3 Nd7 10. Bg5 Bf6 11. h4 c6 12. a4 Nc5 13. N1d2 Ne6 14. Bh6 Re8
15. c3 Bg7 16. Bxg7 Nexg7 17. Qe3 Qf6 18. Qg5 Bd7 19. g4 h6 20. Qxh6 Bxg4 21.
Ng5 Be6 22. O-O-O Rad8 23. Qh7+ Kf8 24. Bxe6 Nxe6 25. Qxh5 gxh5 26. Nh7+ Ke7
27. Nxf6 Kxf6 28. Kc2 Rg8 29. Rhg1 Nf4 30. Rg3 Rg6 31. b4 Rdg8 32. Nf1 Ke6 33.
Kb3 Rg4 34. Ne3 Rxg3 35. fxg3 Rxg3 36. Nf5 Rd3 37. Ng7+ Ke7 38. Rxd3 Nxd3 39.
Nxh5 Ne1 40. Ng3 Nf3 41. Nf5+ Kf6 42. Kc2 Kg6 43. Kd3 Kh5 44. Nd6 Nxh4 45. Nxf7
Kg4 46. Nxe5+ Kf4 47. Kd4 Kg5 48. a5 Kf6 49. a6 bxa6 50. Nxc6 Ke6 51. Kc5 Ng6
52. Nxa7 Nf4 53. Nc6 Nd3+ 54. Kd4 Ne1 55. Nb8 Nf3+ 56. Ke3 Ne5 57. Nxa6 Kd6 58.
Nc5 Nc6 59. Nd3 Ke6 60. c4 1-0

[Event "11. Europa ch 2010 Femenino"]
[Site "Rijeka CRO"]
[Date "2010.03.09"]
[Round "4.7"]
[White "Zhukova, Natalia"]
[Black "Matveeva, Svetlana"]
[Result "1/2-1/2"]
[WhiteElo "2492"]
[BlackElo "2373"]
[PlyCount "70"]
[EventDate "2010.03.06"]
[EventType "swiss"]
[EventRounds "11"]
[EventCountry "CRO"]
[Source "lmi"]
[SourceDate "2010.03.06"]

1. d4 d5 2. c4 dxc4 3. Nf3 e6 4. e3 c5 5. Bxc4 a6 6. O-O Nf6 7. Bb3 Be7 8. Qe2
cxd4 9. Rd1 Nc6 10. Nc3 O-O 11. Nxd4 Qc7 12. Nxc6 Qxc6 13. e4 b5 14. Bg5 h6 15.
Bh4 Bb7 16. Rac1 Qe8 17. e5 Nd7 18. Bg3 Nc5 19. Bc2 b4 20. Ne4 Bxe4 21. Bxe4
Nxe4 22. Qxe4 Qa4 23. h4 Rad8 24. Rxd8 Rxd8 25. Rc7 Qd1+ 26. Kh2 Rd4 27. Qc6
Bxh4 28. Qe8+ Kh7 29. Qxf7 Bxg3+ 30. fxg3 Qg4 31. Rc8 Rd3 32. Qg8+ Kg6 33. Qe8+
Kh7 34. Qg8+ Kg6 35. Qe8+ Kh7 1/2-1/2

[Event "11. Europa ch 2010 Femenino"]
[Site "Rijeka CRO"]
[Date "2010.03.09"]
[Round "4.8"]
[White "Cmilyte, Viktorija"]
[Black "Sedina, Elena"]
[Result "1-0"]
[WhiteElo "2485"]
[BlackElo "2334"]
[PlyCount "75"]
[EventDate "2010.03.06"]
[EventType "swiss"]
[EventRounds "11"]
[EventCountry "CRO"]
[Source "lmi"]
[SourceDate "2010.03.06"]

1. Nf3 Nf6 2. c4 c6 3. d4 d5 4. Nc3 dxc4 5. a4 Bf5 6. Nh4 Bc8 7. e3 e5 8. Bxc4
exd4 9. exd4 Qe7+ 10. Be2 Qc7 11. Bg5 Nbd7 12. Qd2 Bd6 13. Qe3+ Kf8 14. Nf5 h6
15. Bh4 Nb6 16. Nxd6 Qxd6 17. Qe5 Qxe5 18. dxe5 Nfd5 19. a5 Nxc3 20. axb6 Nxe2
21. Rxa7 Rb8 22. Kxe2 g5 23. Bg3 Be6 24. h4 Rg8 25. hxg5 hxg5 26. f3 Kg7 27.
Rd1 Bc4+ 28. Ke3 Ba6 29. Rd7 Rge8 30. Kd4 Red8 31. e6 Rxd7+ 32. exd7 Rd8 33.
Rxa6 Rxd7+ 34. Kc4 bxa6 35. Bc7 Rd5 36. b7 Rb5 37. b8=Q Rxb8 38. Bxb8 1-0

[Event "11. Europa ch 2010 Femenino"]
[Site "Rijeka CRO"]
[Date "2010.03.09"]
[Round "4.12"]
[White "Skripchenko, Almira"]
[Black "Purtseladze, Maka"]
[Result "1-0"]
[WhiteElo "2456"]
[BlackElo "2299"]
[PlyCount "137"]
[EventDate "2010.03.06"]
[EventType "swiss"]
[EventRounds "11"]
[EventCountry "CRO"]
[Source "lmi"]
[SourceDate "2010.03.06"]

1. e4 c6 2. d4 d5 3. f3 Qb6 4. Nc3 dxe4 5. Nxe4 Bf5 6. c3 Nd7 7. Bd3 Bxe4 8.
fxe4 e5 9. Nf3 exd4 10. cxd4 Bb4+ 11. Bd2 Ngf6 12. e5 Nd5 13. O-O Bxd2 14. Qxd2
O-O-O 15. Kh1 f6 16. Rae1 fxe5 17. dxe5 Nc5 18. Bf5+ Kb8 19. e6 g6 20. Bh3 Ne7
21. Qf4+ Qc7 22. Ne5 Nd3 23. Nxd3 Rxd3 24. Qh6 Qd6 25. Qg7 Rc8 26. Qxh7 c5 27.
Bg4 a6 28. b3 Rd4 29. Bf3 Rc7 30. Qh8+ Ka7 31. Qe5 Qxe5 32. Rxe5 b5 33. h3 c4
34. bxc4 bxc4 35. Rb1 Rd3 36. Ra5 c3 37. Rxa6+ Kxa6 38. Be2 Ka5 39. Bxd3 Rc6
40. Re1 Kb4 41. Kg1 Ka3 42. Re2 Rd6 43. Bc4 Rd4 44. Bb3 Rf4 45. Rc2 Kb4 46. Re2
Ka3 47. g3 Rf3 48. Kg2 Rd3 49. h4 Kb4 50. Bc2 Rd6 51. Kf3 Rd8 52. Kg4 Rd5 53.
Bb3 Rc5 54. Bc2 Rd5 55. Kf4 Ra5 56. Bd3 Rd5 57. Be4 Rh5 58. g4 Ra5 59. Bd3 Rd5
60. Bc2 Ra5 61. Bb3 Ka3 62. Re5 Ra8 63. Kg5 Rf8 64. Rc5 Kb2 65. Rc7 Re8 66. Kf6
Nc8 67. e7 Nd6 68. Rc6 Nc8 69. Rxc8 1-0

[Event "11. Europa ch 2010 Femenino"]
[Site "Rijeka CRO"]
[Date "2010.03.09"]
[Round "4.15"]
[White "Javakhishvili, Lela"]
[Black "Manakova, Maria"]
[Result "1-0"]
[WhiteElo "2500"]
[BlackElo "2315"]
[PlyCount "133"]
[EventDate "2010.03.06"]
[EventType "swiss"]
[EventRounds "11"]
[EventCountry "CRO"]
[Source "lmi"]
[SourceDate "2010.03.06"]

1. d4 c5 2. d5 e5 3. Nc3 d6 4. e4 Be7 5. Nf3 h6 6. Bb5+ Nd7 7. a4 a6 8. Be2 b6
9. Rb1 Bg5 10. Nxg5 hxg5 11. Be3 f6 12. b4 Ne7 13. a5 b5 14. bxc5 Nxc5 15. Ra1
Qc7 16. O-O Bd7 17. f3 Kf7 18. Nb1 Rh7 19. g3 Rah8 20. Rf2 Kg6 21. Qd2 Rc8 22.
Na3 Rhh8 23. Rb1 Nb7 24. Bb6 Qc3 25. Qd3 f5 26. Rb3 Qxd3 27. Rxd3 b4 28. Nb1
Rxc2 29. Rb3 Nc5 30. Rxb4 Bb5 31. Bxb5 Rxf2 32. Kxf2 axb5 33. Bxc5 dxc5 34.
Rxb5 g4 35. fxg4 fxe4 36. d6 Nd5 37. Rxc5 e3+ 38. Ke1 Nb4 39. Ke2 Kf6 40. h4
Ke6 41. Nc3 Kxd6 42. Ne4+ Ke6 43. Ng5+ Kf6 44. Ne4+ Ke6 45. Ng5+ Kf6 46. Rb5
Nc6 47. Rb6 Rc8 48. Kxe3 Ke7 49. a6 Kd6 50. Ne4+ Kd5 51. Rb5+ Ke6 52. Rb7 Ra8
53. Ng5+ Kd5 54. Rd7+ Kc4 55. Rxg7 Rxa6 56. h5 Ra3+ 57. Ke4 Rxg3 58. Nf7 Kc5
59. h6 Rg1 60. h7 Re1+ 61. Kf5 Rf1+ 62. Ke6 Nd4+ 63. Kxe5 Re1+ 64. Kf6 Re6+ 65.
Kg5 Re8 66. h8=Q Ne6+ 67. Kf6 1-0

[Event "11. Europa ch 2010 Femenino"]
[Site "Rijeka CRO"]
[Date "2010.03.09"]
[Round "4.16"]
[White "Vega Gutierrez, Sabrina"]
[Black "Hoang Thanh Trang"]
[Result "1/2-1/2"]
[WhiteElo "2314"]
[BlackElo "2487"]
[PlyCount "80"]
[EventDate "2010.03.06"]
[EventType "swiss"]
[EventRounds "11"]
[EventCountry "CRO"]
[Source "lmi"]
[SourceDate "2010.03.06"]

1. e4 e6 2. d3 b6 3. g3 Bb7 4. Bg2 Nf6 5. f4 c5 6. Nf3 d6 7. O-O Be7 8. b3 O-O
9. Qe2 b5 10. Nbd2 Nc6 11. Bb2 a5 12. c4 Qb6 13. Rab1 b4 14. h3 a4 15. Qf2 axb3
16. axb3 Ra2 17. g4 Nd7 18. f5 Nde5 19. Qe3 exf5 20. exf5 Bf6 21. Rf2 Qa7 22.
Nxe5 Rxb2 23. Nxc6 Bxc6 24. Bxc6 Rxb1+ 25. Nxb1 Bd4 26. Qe1 Qa1 27. Kg2 Bxf2
28. Kxf2 h6 29. Nd2 Qb2 30. Qe3 Rc8 31. Bd5 Kf8 32. Qf4 Kg8 33. Kg3 Re8 34. f6
g5 35. Qf5 Kf8 36. Nf3 Re2 37. Qc8+ Re8 38. Qf5 Re2 39. Ng1 Re3+ 40. Nf3 Re2
1/2-1/2

[Event "11. Europa ch 2010 Femenino"]
[Site "Rijeka CRO"]
[Date "2010.03.09"]
[Round "4.17"]
[White "Kochetkova, Julia"]
[Black "Paehtz, Elisabeth"]
[Result "0-1"]
[WhiteElo "2313"]
[BlackElo "2486"]
[PlyCount "68"]
[EventDate "2010.03.06"]
[EventType "swiss"]
[EventRounds "11"]
[EventCountry "CRO"]
[Source "lmi"]
[SourceDate "2010.03.06"]

1. e4 e5 2. Nf3 Nc6 3. Bc4 Bc5 4. O-O Nf6 5. d3 d6 6. c3 a6 7. Bb3 Ba7 8. Re1
h6 9. Nbd2 Be6 10. Bc2 g5 11. Nf1 g4 12. N3d2 Qd7 13. Nc4 O-O-O 14. Be3 Bxe3
15. Ncxe3 d5 16. exd5 Nxd5 17. Nxd5 Bxd5 18. b4 Ne7 19. Ne3 f5 20. a4 h5 21.
Bb3 Kb8 22. b5 a5 23. Nxd5 Nxd5 24. Rxe5 Nf4 25. Qd2 Ng6 26. Rd5 Qe7 27. Rxf5
Nh4 28. Rf7 Qe5 29. b6 cxb6 30. Re1 Qd6 31. Re6 Qc5 32. d4 Ka8 33. Qb2 Qg5 34.
Bd1 Qd5 0-1

[Event "11. Europa ch 2010 Femenino"]
[Site "Rijeka CRO"]
[Date "2010.03.09"]
[Round "4.18"]
[White "Gaponenko, Inna"]
[Black "Kadziolka, Beata"]
[Result "1/2-1/2"]
[WhiteElo "2472"]
[BlackElo "2311"]
[PlyCount "110"]
[EventDate "2010.03.06"]
[EventType "swiss"]
[EventRounds "11"]
[EventCountry "CRO"]
[Source "lmi"]
[SourceDate "2010.03.06"]

1. e4 c5 2. Nf3 d6 3. d4 cxd4 4. Nxd4 Nf6 5. Nc3 a6 6. Be3 e5 7. Nb3 Be7 8. Qd2
O-O 9. O-O-O Be6 10. f4 b5 11. Kb1 Nbd7 12. f5 Bc4 13. Rg1 Ng4 14. h3 Nxe3 15.
Qxe3 Bxf1 16. Rgxf1 Nb6 17. Na5 Rc8 18. f6 Bxf6 19. Rxf6 gxf6 20. Nb7 Qc7 21.
Qh6 f5 22. Qg5+ Kh8 23. Qf6+ Kg8 24. Nxd6 Rfd8 25. Nxc8 Rxd1+ 26. Nxd1 Nxc8 27.
Ne3 Ne7 28. exf5 Qc5 29. Qg5+ Kf8 30. a3 b4 31. f6 Ng6 32. axb4 Qxb4 33. Nd5
Qe1+ 34. Qc1 Qf2 35. Qd1 Nh4 36. Ne7 Qxf6 37. Qd8+ Kg7 38. Qg8+ Kh6 39. Qf8+
Kg5 40. Ng8 Qf1+ 41. Ka2 Qc4+ 42. Ka3 Kf4 43. Qh6+ Kg3 44. Qg5+ Kh2 45. Qxe5+
Kxg2 46. Nf6 Nf3 47. Qf5 Nd4 48. Qe4+ Kxh3 49. Qxh7+ Kg2 50. Qe4+ Kf1 51. Qd3+
Qxd3+ 52. cxd3 Ke2 53. Ka4 Kxd3 54. Ka5 Kc4 55. Kxa6 Kb3 1/2-1/2

[Event "11. Europa ch 2010 Femenino"]
[Site "Rijeka CRO"]
[Date "2010.03.09"]
[Round "4.19"]
[White "Schneider, Veronika"]
[Black "Melia, Salome"]
[Result "1/2-1/2"]
[WhiteElo "2314"]
[BlackElo "2467"]
[PlyCount "69"]
[EventDate "2010.03.06"]
[EventType "swiss"]
[EventRounds "11"]
[EventCountry "CRO"]
[Source "lmi"]
[SourceDate "2010.03.06"]

1. e4 c6 2. d4 d5 3. Nc3 dxe4 4. Nxe4 Bf5 5. Ng3 Bg6 6. h4 h6 7. Nf3 Nd7 8. h5
Bh7 9. Bd3 Bxd3 10. Qxd3 e6 11. Bd2 Ngf6 12. O-O-O Be7 13. Kb1 O-O 14. Ne4 c5
15. Nxf6+ Nxf6 16. g4 Nxg4 17. Rhg1 f5 18. Qe2 Qb6 19. Ne5 cxd4 20. Nxg4 fxg4
21. Rxg4 d3 22. Qxd3 Bf6 23. c3 Qxf2 24. Rf1 Rad8 25. Rxf2 Rxd3 26. Bxh6 Rh3
27. Rfg2 Rf7 28. Bg5 Bxg5 29. Rxg5 Kh7 30. Kc2 Rhf3 31. b4 Rc7 32. Kb2 a6 33.
a4 b6 34. Rg6 Rcxc3 35. Rxg7+ 1/2-1/2

[Event "11. Europa ch 2010 Femenino"]
[Site "Rijeka CRO"]
[Date "2010.03.09"]
[Round "4.20"]
[White "Dembo, Yelena"]
[Black "Mammadova, Gulnar"]
[Result "1-0"]
[WhiteElo "2457"]
[BlackElo "2299"]
[PlyCount "51"]
[EventDate "2010.03.06"]
[EventType "swiss"]
[EventRounds "11"]
[EventCountry "CRO"]
[Source "lmi"]
[SourceDate "2010.03.06"]

1. e4 d6 2. d4 g6 3. Nc3 Bg7 4. f4 Nf6 5. Nf3 O-O 6. Bd3 b6 7. O-O Bb7 8. Qe2
c5 9. d5 e6 10. dxe6 fxe6 11. e5 Nd5 12. Ng5 Bc8 13. Nxd5 exd5 14. Nxh7 Rf5 15.
Bxf5 Bxf5 16. g4 Bc8 17. Nf6+ Bxf6 18. exf6 Kf7 19. f5 gxf5 20. g5 Nc6 21. Qh5+
Ke6 22. Qh7 Ne5 23. Qxf5+ Kf7 24. Qh7+ Ke6 25. f7 Qf8 26. g6 1-0

[Event "11. Europa ch 2010 Femenino"]
[Site "Rijeka CRO"]
[Date "2010.03.09"]
[Round "4.22"]
[White "Foisor, Cristina Adela B"]
[Black "Kursova, Maria"]
[Result "0-1"]
[WhiteElo "2433"]
[BlackElo "2296"]
[PlyCount "80"]
[EventDate "2010.03.06"]
[EventType "swiss"]
[EventRounds "11"]
[EventCountry "CRO"]
[Source "lmi"]
[SourceDate "2010.03.06"]

1. d4 Nf6 2. c4 e6 3. Nc3 Bb4 4. Qc2 c5 5. dxc5 O-O 6. Nf3 Na6 7. a3 Bxc3+ 8.
Qxc3 Nxc5 9. b4 Nce4 10. Qd4 b6 11. Ng5 e5 12. Qxe5 Nxf2 13. Qd4 Nxh1 14. Bb2
Bb7 15. Rd1 Re8 16. Rd3 h6 17. Nf3 Qc7 18. Ne5 Rxe5 19. Qxe5 Qxe5 20. Bxe5 Nf2
21. Rb3 N2e4 22. Bd4 Ba6 23. b5 Bb7 24. a4 d5 25. cxd5 Bxd5 26. Rb1 Nd7 27. e3
Ndc5 28. Rb4 Rc8 29. g3 Nb3 30. Bd3 Nec5 31. Bf5 Re8 32. Kf2 Nxd4 33. Rxd4 Bb3
34. Bd7 Rd8 35. Bc6 Rxd4 36. exd4 Nd3+ 37. Ke3 Nb4 38. Ke4 Kf8 39. d5 Ke7 40.
Kd4 Nxc6+ 0-1

[Event "11. Europa ch 2010 Femenino"]
[Site "Rijeka CRO"]
[Date "2010.03.09"]
[Round "4.23"]
[White "Romanko Guseva, Marina"]
[Black "Kostiuk, Tatiana"]
[Result "1-0"]
[WhiteElo "2409"]
[BlackElo "2294"]
[PlyCount "71"]
[EventDate "2010.03.06"]
[EventType "swiss"]
[EventRounds "11"]
[EventCountry "CRO"]
[Source "lmi"]
[SourceDate "2010.03.06"]

1. d4 Nf6 2. c4 c5 3. d5 b5 4. cxb5 a6 5. b6 g6 6. Nc3 d6 7. e4 Nbd7 8. Nf3 Bg7
9. a4 a5 10. Bb5 O-O 11. O-O Nxb6 12. Qe2 Bd7 13. Bd2 Ne8 14. b3 Nc7 15. Bc4 e6
16. dxe6 fxe6 17. Bd3 Bc6 18. Rac1 Nd7 19. Nb5 Ne5 20. Nxe5 Bxe5 21. f4 Bg7 22.
f5 exf5 23. exf5 gxf5 24. Bc3 Nxb5 25. axb5 Be4 26. Bxe4 fxe4 27. Bxg7 Kxg7 28.
Qxe4 Qd7 29. b6 Rae8 30. Qd3 Qc6 31. Rc4 Rxf1+ 32. Qxf1 Re4 33. Rc3 Rg4 34. Re3
Qb7 35. Qe2 Qc8 36. b7 1-0

[Event "11. Europa ch 2010 Femenino"]
[Site "Rijeka CRO"]
[Date "2010.03.09"]
[Round "4.24"]
[White "Peng, Zhaoqin"]
[Black "Papp, Petra"]
[Result "1/2-1/2"]
[WhiteElo "2401"]
[BlackElo "2263"]
[PlyCount "113"]
[EventDate "2010.03.06"]
[EventType "swiss"]
[EventRounds "11"]
[EventCountry "CRO"]
[Source "lmi"]
[SourceDate "2010.03.06"]

1. d4 d5 2. c4 c6 3. Nf3 Nf6 4. Nc3 e6 5. Bg5 h6 6. Bxf6 Qxf6 7. e3 Nd7 8. Bd3
g6 9. O-O Bg7 10. cxd5 exd5 11. b4 Nb6 12. Qc2 O-O 13. Rfc1 a6 14. a4 Qe7 15.
Qb3 Qd6 16. a5 Nd7 17. e4 dxe4 18. Nxe4 Qf4 19. Re1 Nf6 20. Nc5 Nd5 21. Be4 Qd6
22. Ne5 Nf4 23. Rad1 Ne6 24. Nc4 Nxc5 25. bxc5 Qf6 26. Nd6 Rb8 27. Bxc6 Bg4 28.
Bf3 Bxf3 29. Qxf3 Qxf3 30. gxf3 Rfd8 31. Rd2 Bf8 32. Nc4 Rd5 33. Re5 Rdd8 34.
Re1 Rd5 35. Nb6 Rf5 36. Kg2 Rd8 37. Red1 Rg5+ 38. Kf1 Rh5 39. Kg2 Rg5+ 40. Kh1
Rh5 41. Nc4 Rf5 42. Ne3 Rxf3 43. Rc2 Rc8 44. Rdc1 Rd8 45. Kg2 Rf4 46. d5 Rd4
47. Rb1 R4xd5 48. Nxd5 Rxd5 49. Rxb7 Bxc5 50. Ra2 Kg7 51. h3 Rg5+ 52. Kf1 Rh5
53. Rb3 Rf5 54. Kg2 Rg5+ 55. Kf1 Rf5 56. Ke1 Re5+ 57. Kf1 1/2-1/2